| LEADER 00000nam 2200000uu 4500 |
| 001 13399137003 |
| 003 ULIBM |
| 008 260424s||||||||th 000 0 tha d |
| 050 ^aว สน.มธ. 31 2549 |
| 090 ^aE-book |
| 100 0 ^aกนกวรรณ พงสยาภรณ์. |
| 245 10 ^aโครงการออกแบบตกแต่งภายใน โรงแรมแมริออท รีสอร์ทแอนด์สปา พัทยา /^cกนกวรรณ พงสยาภรณ์. |
| 246 1 ^aInterior architecture design for Pattaya Marriott Resort & Spa /^cKanokwan Pongsayaporn. |
| 260 ^aปทุมธานี :^bมหาวิทยาลัยธรรมศาสตร์, ^c2549. |
| 300 ^a10, 147 แผ่น. |
| 502 ^aวิทยานิพนธ์ สถาปัตยกรรมภายในบัณฑิต, 2549. |
| 650 7 ^aการออกแบบภายในโรงแรม. |
| 650 7 ^aในโรงแรม. |
| 650 7 ^aการออกแบบตกแต่งภายใน. |
| 700 0 ^aกัลยา ตันติยาสวัสดิกุล, ^eอาจารย์ที่ปรึกษา. |
| 856 ^uhttps://digital.library.tu.ac.th/tu_dc/frontend/Info/item/dc:339138 ^zเอกสารฉบับเต็ม (ดูรายบทคลิกที่ Bookmarks) |
| 999 ^aประวีณา ปานทอง |